000 00466nam a2200193 a 4500
001 1757999702391
003 ACL
005 20250916105536.0
008 250916s2006##################000#0#eng##
020 _a9781416532439
082 0 4 _a791.4575
_bOKU
100 1 _aOkuda, Michael,
_eauthor.
245 1 0 _aShips of the Line :
260 _bSimon and Schuster,
_c2006.
300 _a192 pages
650 0 _aFiction.
942 _cENGLISH
040 _aACL
_beng
_cACL
999 _c587248
_d587248